00750nam a2200205 a 4500008004100000020001500041050001400056100002700070245003100097250001200128260004200140300002200182350000900204520003200213650001200245700003200257995010800289999001700397952013000414120416s1991 ||||||||||||||||| || u a0471522783 aQC 23 Ste aKane, Joseph W., 1938-10aGeneral physics. (2nd ed.) a2nd ed. aNew York :bJohn Wiley and Sonsc1991 axix, 891p. : ill. a0.00 aPHYSICS--STUDY AND TEACHING 0aPHYSICS aSternheim, Morton M., 1933- D0.00FCBU-MAIN LIBRARY (Kitwe)H1I0.00M1UAVAILABLEWMay 2, 2006ZMain Library Open Access Collection c44411d44411 00102lcc4070a001b001cMain Library Open Access Collectiond2022-11-30l0oQC 23 Step008153r2022-11-30w2022-11-30y002